000 01160nmm a2200349 a 4500
001 ocm0002347571
003 TR-IsHL
005 20201028185601.0
008 190823s2018 tu tur
007 cr cn
020 _a9786059902854
035 _a2347571
_b(N$T)
050 0 4 _aTX415
_b.A4519 2018
090 0 4 _aTX415
_b.A4519 2018
100 1 _aAllen, Stewart Lee
245 1 0 _aKahvenin hikâyesi: bir fincan kahvenin izinde dünya yolculuğu
_h[electronic resource] /
_cStewart Lee Allen ; çevirmen Merve Yalçın ; editör Selin Saraçoğlu
250 _a1. Baskı
260 _aİstanbul :
_bMaya Kitap,
_c2018
300 _a224 p.
650 4 _aMühendislik ve Teknoloji
650 4 _aEngineering and Technology
650 0 _aKahve
650 0 _aCoffee
650 0 _aKahve
_x Tarih
650 0 _aCoffee
_x History
650 0 _aKahve
_x Sosyal acıdan
650 0 _aCoffee
_x Social aspects
650 7 _aCOOKING / Beverages / Coffee & Tea
_2bisacsh
700 1 _aSaraçoğlu, Selin
700 1 _aYalçın, Merve
856 4 0 _uhttp://search.ebscohost.com/login.aspx?direct=true&scope=site&db=e011xww&AN=2347571
999 _c21528
_d21528